| 000 | 00863nam a2200253Ia 4500 | ||
|---|---|---|---|
| 003 | OSt | ||
| 005 | 20221005110430.0 | ||
| 006 | a|||||r|||| 00| 0 | ||
| 007 | ta | ||
| 008 | 221004b |||||||| |||| 00| 0 hin d | ||
| 020 |
_a8170164575 (hbk) _c160 |
||
| 024 | _a106018 | ||
| 037 |
_b12952, 18/03/2011, Kitab Ghar _cTextual |
||
| 040 |
_aCRL _cCRL _bhin |
||
| 041 |
_2hin _ahin |
||
| 082 | _aU.2, 152N9 | ||
| 100 | _aतिवारी, विश्वनाथप्रसाद | ||
| 245 | 0 | _aआत्म की धरती | |
| 246 | _aĀtma kī dharatī | ||
| 260 |
_aनई दिल्ली _bकिताबघर भारत _c1999 |
||
| 300 |
_a216पृ0 _ccm. |
||
| 942 |
_hU.2, 152N9 _cTEXL _2cc |
||
| 999 |
_c1018790 _d1018790 |
||